000 00474nam a2200205Ia 4500
005 20250425162429.0
008 250425s9999 xx 000 0 und d
020 _a9978809473
041 _aspa
082 _a861.69866
100 _aASTUDILLO Y ASTUDILLO, RUBEN
245 0 _aREGRESO AL SOL NEGRO
250 _a1A ED.
260 _aEcuador
_bLIBRESA
_c2005
260 _aQUITO
300 _a114
650 _aPOESIA ECUATORIANA
942 _c01
010 _a73272
999 _c229073
_d229073